Представление документа в формате RUSMARC

ПолеНазваниеЗначение
  Тип записи a
  Библиографический уровень m
001 Контрольный номер RU/REG73/CBS_GRAD/49b4e54de058474783fd5746b9000d30
005 Дата корректировки 20230406113940.9
010 Индекс ISBN __
a ISBN 978-5-9910-0468-8
100 Данные общей обработки __
a Данные общей обработки 20230406d 0rusy0189## ca
101 Язык документа 0_
a Язык текста rus
102 Страна публикации __
a Страна публикации RU
200 Заглавие и сведения об ответственности 1_
a Заглавие Планета Земля
f Первые сведения об ответственности Паркер Стив
210 Выходные данные 1_
a Место издания Харьков ; Белгород
c Издательство ООО "Клуб семейного досуга"
d Дата издания 2008
215 Физическое описание __
a Объем 64 с.
225 Серия 2_
a Серия Иллюстрированная энциклопедия для детей
610 Ключевые слова 0_
a Ключевые слова Для детей среднего школьного возраста
686 Индексы других классификаций __
a Классификационный индекс 20
700 Автор _1
a Фамилия Паркер
g Полное личное имя Стив
801 Источник записи _0
a Страна RU
b Организация RuCBSGrad
c Дата составления 20230406
g Правила каталогизации RCR
801 Источник записи _1
a Страна RU
b Организация RuCBSGrad
c Дата составления 20230406
g Правила каталогизации RCR
901 Тип документа __
t Тип документа m